000 00322nam a22001337a 4500
008 170616b xxu||||| |||| 00| 0 eng d
020 _a0844802190
041 _aeng
080 _a94(100)
100 _a16
101 _aSHH
245 _aHOW TO THINK ABOUT ARMS CONTROL AND DISARMAMENT
_cDOUGHERTY,J.E
942 _2udc
_cBK
999 _c17725
_d17725